000 00669nam a2200229 a 4500
001 BRL_174
005 20190320210623.0
008 231012s1982----mx-#######---#000-0#spa-u
020 _a9688002658
050 4 _aF3409
_b.P35 1982
100 1 _aPalma, Ricardo
_923118
245 1 0 _aTradiciones peruanas
_cRicardo Palma ; prólogo, selección y notas de Ozcar Zorrilla.
260 _aMéxico
_bSEP, UNAM
_c1982
300 _a281 p.
_c21 cm.
500 _aAu214
650 1 4 _aLeyendas
_zPerú
_923119
650 1 4 _aLiteratura peruana
_923120
651 4 _aPerú
_xHistoria
_xAnecdotas
_923121
700 1 _aZorrilla, Ozcar
_eprol.
_923122
902 _aGRL
942 _2lcc
_cB
999 _c8987
_d8987